header

Managing credit risk (Record no. 37984)

MARC details
000 -LEADER
fixed length control field 01592nam a2200409 a 4500
082 04 - DEWEY DECIMAL CLASSIFICATION NUMBER
Classification number 332.7
245 00 - TITLE STATEMENT
Title Managing credit risk
250 ## - EDITION STATEMENT
Edition statement 2nd ed.
260 ## - PUBLICATION, DISTRIBUTION, ETC. (IMPRINT)
Place of publication Hoboken, N.J. :
Name of publisher Wiley,
Year of publication c2008.
300 ## - PHYSICAL DESCRIPTION
Number of Pages xxvi, 627 p. :
Other physical details ill.
490 1# - SERIES STATEMENT
Series statement Wiley finance series
500 ## - GENERAL NOTE
General note Rev. ed. of: Managing credit risk / John B. Caouette, Edward I. Altman, Paul Narayanan. c1998.
650 #0 - SUBJECT ADDED ENTRY--TOPICAL TERM
Topical Term Credit
Topical Term Risk management.
Topical Term Derivative securities.
700 1# - ADDED ENTRY--PERSONAL NAME
Personal name Caouette, John B.,
Personal name Caouette, John B.,
856 40 - ELECTRONIC LOCATION AND ACCESS
Uniform Resource Identifier http://site.ebrary.com/lib/rucke/Doc?id=10232876

No items available.

© 2026 Rongo University
Contact us: librarian | system librarian | Rongo university